000 00738nam a22002297a 4500
003 UA-OsUOA
001 103183
007 ta
008 20131015b un ||||| |||| 00| 0 ukr d
090 _a929:323
_bЩ65
942 _cBK
040 _aUA-OsUOA
_bukr
_cUA-OsUOA
_dUA-OsUOA
245 _aВолодимир Щербицький: спогади сучасника
_cза ред. В. Ф. Возіанова, В. К. Врублевського, Ю. Н. Єльченка, Б. В. Іваненка
300 _a588 с.
955 _a1
041 _aukr
080 _a929:323
020 _a966-8088-30-1
260 _aК.
_bн Юре
_c2003
650 7 _a9 Географія. Біографії. Історія
_2UDC
999 _c389293
_d389293